Internataional environmental risk management : (Record no. 29001)
[ view plain ]
| 000 -LEADER | |
|---|---|
| fixed length control field | 01690nam a2200301 i 4500 |
| 003 - CONTROL NUMBER IDENTIFIER | |
| control field | CSPC |
| 005 - DATE AND TIME OF LATEST TRANSACTION | |
| control field | 20250305152227.0 |
| 007 - PHYSICAL DESCRIPTION FIXED FIELD--GENERAL INFORMATION | |
| fixed length control field | ta |
| 008 - FIXED-LENGTH DATA ELEMENTS--GENERAL INFORMATION | |
| fixed length control field | 250305s2021 -uk 001 0 eng d |
| 020 ## - INTERNATIONAL STANDARD BOOK NUMBER | |
| International Standard Book Number | 9780367518011 |
| 040 ## - CATALOGING SOURCE | |
| Original cataloging agency | CSPC |
| Language of cataloging | eng |
| Transcribing agency | CSPC |
| Description conventions | rda |
| 082 ## - DEWEY DECIMAL CLASSIFICATION NUMBER | |
| Edition number | 23 |
| Classification number | 333.72 |
| Item number | W842i |
| 100 1# - MAIN ENTRY--PERSONAL NAME | |
| Personal name | Woellner, Robert A., |
| 245 1# - TITLE STATEMENT | |
| Title | Internataional environmental risk management : |
| Remainder of title | a system approach / |
| Statement of responsibility, etc. | Robert A. Woellner. |
| 250 ## - EDITION STATEMENT | |
| Edition statement | Second edition |
| 264 #1 - PRODUCTION, PUBLICATION, DISTRIBUTION, MANUFACTURE, AND COPYRIGHT NOTICE | |
| Place of production, publication, distribution, manufacture | Abingdon, Oxon : |
| Name of producer, publisher, distributor, manufacturer | CRC Press, |
| Date of production, publication, distribution, manufacture, or copyright notice | 2021. |
| 336 ## - CONTENT TYPE | |
| Source | rdacontent |
| Content type term | text |
| 337 ## - MEDIA TYPE | |
| Source | rdamedia |
| Media type term | unmediated |
| 338 ## - CARRIER TYPE | |
| Source | rdacarrier |
| Carrier type term | volume |
| 500 ## - GENERAL NOTE | |
| General note | Includes index. |
| 505 0# - FORMATTED CONTENTS NOTE | |
| Formatted contents note | The context for managing environmental risk -- A systematic approach to managing environmental risk -- Preventing and mitigating environmental liabilities with environmental management system -- Strategic information risk management -- Voluntary programs and industry-Led initiatives to reduce environmental risk -- Enviornmental risk management system: an introduction -- Compliance and ethics programs -- Enviornmental risk management systems -- Practical methods to solve environmental problems and to reduce risks --Practical methods to reduce litigation cost --How voluntary programs and other initiatives can improve performance and lead to reductions in environmental risk -- How document control systems can reduce risk. |
| 650 ## - SUBJECT ADDED ENTRY--TOPICAL TERM | |
| Topical term or geographic name entry element | Environment |
| 650 ## - SUBJECT ADDED ENTRY--TOPICAL TERM | |
| Topical term or geographic name entry element | Risk management |
| 700 1# - ADDED ENTRY--PERSONAL NAME | |
| Personal name | Voorhees, John, |
| Relator term | author. |
| 700 1# - ADDED ENTRY--PERSONAL NAME | |
| Personal name | Bell, Christopher L. |
| Relator term | author. |
| 942 ## - ADDED ENTRY ELEMENTS (KOHA) | |
| Source of classification or shelving scheme | Dewey Decimal Classification |
| Suppress in OPAC | No |
| Koha item type | Books |
| Edition | 23 |
| Classification part | 333.72 |
| Item part | W842i |
| Call number prefix | CIR |
| Call number suffix | 2021 |
| Withdrawn status | Lost status | Source of classification or shelving scheme | Damaged status | Not for loan | Home library | Current library | Shelving location | Date acquired | Total Checkouts | Full call number | Barcode | Date last seen | Copy number | Price effective from | Koha item type |
|---|---|---|---|---|---|---|---|---|---|---|---|---|---|---|---|
| Dewey Decimal Classification | CAMPUS CSPC | CAMPUS CSPC | Circulation Section | 03/05/2025 | CIR 333.72 W842i 2021 | 001514-BUH | 03/05/2025 | 1-1 | 03/05/2025 | Books |